| 000 | 00000nam 2200000za 4500 |
| 001 | 9.578913 |
| 003 | CaOODSP |
| 005 | 20210624190318 |
| 007 | cr ||||||||||| |
| 008 | 150406|2012||||xxc|||||o f|0| 0 eng d |
| 040 | |aCaOODSP|beng |
| 043 | |an-cn--- |
| 086 | 1 |aSE7-3/2012-1E-PDF |
| 245 | 00|aEstimation of voter turnout by age group and gender at the 2011 federal general election |h[electronic resource]. |
| 260 | |aOttawa : |bElections Canada, |c2012. |
| 300 | |a16 p. : |bgraphs |
| 490 | 1 |aElections Canada working paper series |
| 500 | |a"April 2012." |
| 590 | |a14-07-Supp|b2014-04-03 |
| 690 | 07|aCitizen participation|2gcpds |
| 690 | 07|aDemographic data|2gcpds |
| 690 | 07|aElections|2gcpds |
| 710 | 2 |aElections Canada. |
| 775 | 08|tEstimation du taux de participation par groupe d'âge et par sexe à l'élection générale fédérale de 2011 |w(CaOODSP)9.606646 |
| 830 | #0|aElections Canada working paper series.|w(CaOODSP)9.507757 |
| 856 | 40|ahttp://publications.gc.ca|qPDF|s321 KB|uhttps://publications.gc.ca/collections/collection_2014/elections/SE7-3-2012-1-eng.pdf |